000 02015nam a2200193 a 4500
008 180528t2001 sp ||||g |||| 00| f spa d
020 _a8401014808
041 _aspa
092 _c808
_l81
_sSTE
100 1 _aSteel, Danielle
_93936
245 _aFuerzas irresistibles /
_cDanielle Steel
250 _a1a ed.
_bTraducción Luis Murillo Fort
260 _aBarcelona:
_bPlaza & Janes;
_c2001.
300 _a269 p.
500 _aSteel, D. (2001). Fuerzas irresistibles. (1a ed.). Barcelona : Plaza & Janes.
505 _aDurante catorce años, el matrimonio de Steve y Meredith Whitman se ha caracterizado por una relación colmada de pasión y amistad pese a las exigencias de sus respectivas profesiones. Meredith, ejecutiva de un banco de inversiones, ha conseguido ser socia de una de las principales firmas de Wall Street. Steve, médico por vocación, ha elegido trabajar en un servicio de traumatología de un hospital y renunciar a una carrera mejor remunerada. Lo único que falta en sus vidas son hijos. Steve desea tenerlos, pero Meredith se niega a afrontar la maternidad pues no se siente preparada y dice no disponer de tiempo. Sobre todo ahora que le han ofrecido una inmejorable oportunidad de codearse con la flor y nata empresarial de San Francisco, a cuatro mil kilómetros de Nueva York. Steve está dispuesto a dejarlo yodo y promete reunirse con ella cuando consiga a su vez un empleo en California. Tal vez, entonces, confía, puedan por fin formar una familia. Sin embargo, ni Steve ni Meredith han contado con las frustraciones que conlleva vivir separados, sólo compartiendo fines de semana. Sola en San Francisco, ella pasa largas horas en la oficina con su jefe, el carismático Callan. Por su parte, él comparte veladas con una colega del hospital. Casi sin darse cuenta, Steve y Meredith comienzan a llevar vidas independientes en mundo cada vez más alejados y sus corazones empiezan a verse arrastrados por fuerzas irresistibles.
655 _aLiteratura
_92917
942 _2ddc
_cLIT
999 _c3279
_d3279